|
|
|
|
| LEADER |
00700nam a2200193 a 4500 |
| 001 |
GR-MES4272 |
| 008 |
991111s1996 enk 000 b eng d |
| 020 |
|
|
|a 0761951105
|
| 040 |
|
|
|a GrPaTEI
|b gre
|c GR-PaULI
|
| 245 |
0 |
4 |
|a The effective manager :
|b perspectives and illustrations.
|
| 260 |
|
|
|a London :
|b Sage,
|c 1996
|
| 300 |
|
|
|a xii,348σ.
|
| 650 |
|
4 |
|a Μάνατζμεντ
|
| 700 |
1 |
|
|a Billsberry, J.
|
| 710 |
0 |
|
|a Sage
|
| 942 |
|
|
|2 ddc
|
| 952 |
|
|
|0 0
|1 0
|2 ddc
|4 0
|6 658_009000000000000_2_BIL
|7 0
|9 268925
|a MSLG
|b MSLG
|c BSC
|d 2021-01-17
|e 24
|f 0
|g 0.00
|l 0
|o 658.009 2 BIL
|p 2420000012161
|r 2021-01-17 00:00:00
|t 1
|w 2021-01-17
|y BK15
|x 19991111 0 1
|x GrPaTEI
|
| 971 |
|
|
|a .b25753186
|b 15-04-20
|c 13-09-16
|
| 999 |
|
|
|c 155032
|d 155032
|